| 000 | 00597nam a22001937a 4500 | ||
|---|---|---|---|
| 005 | 20251108164835.0 | ||
| 008 | 250721s1979 xx 000 0 ara d | ||
| 082 | 1 | 4 | _a616.6/فيل |
| 100 | 1 | _aفيليب، أليوت | |
| 245 | 1 | 0 |
_aالعقم عند النساء و الرجال : _bأسبابه . ..و طرق علاجه / |
| 264 | _c1979. | ||
| 300 | _a198ص | ||
| 650 | 1 | 7 | _aالعقم |
| 650 | 1 | 7 | _aالجهاز التناسلي |
| 650 | 1 | 7 | _aأمراض الجهاز التناسلي |
| 700 | 1 |
_aعمر، الفاضل العبيد _eترجمة |
|
| 942 |
_2ddc _cBK |
||
| 999 |
_c15604 _d15604 |
||